[Event "Valencia tch - Division de Honor"]
[Site "Comunidad Valenciana"]
[Date "2009.01.24"]
[Round "3.5"]
[White "Martinez Sykora, Antonio"]
[Black "Blasco Marques, Salvador"]
[Result "1-0"]
[WhiteElo "2159"]
[BlackElo "1972"]
[PlyCount "75"]
[EventDate "2009.01.10"]
[EventType "team"]
[EventRounds "9"]
[EventCountry "ESP"]
[Source "lmi"]
[SourceDate "2009.01.10"]
[WhiteTeam "Ateneo Maritimo"]
[BlackTeam "Gambito"]

1. e4 d6 2. d4 g6 3. Nc3 c6 4. g4 e5 5. Be2 f6 6. g5 Bg7 7. dxe5 dxe5 8. Qxd8+
Kxd8 9. Be3 fxg5 10. O-O-O+ Kc7 11. Bc5 b6 12. Bd6+ Kb7 13. Nf3 Nh6 14. Bxe5
Bxe5 15. Nxe5 Kc7 16. h4 g4 17. h5 g5 18. Rhg1 Rf8 19. Nxg4 Bxg4 20. Bxg4 Nxg4
21. Rxg4 h6 22. f4 Nd7 23. fxg5 Ne5 24. Rg3 hxg5 25. Rxg5 Rae8 26. Rg7+ Kb8 27.
h6 b5 28. h7 b4 29. Ne2 c5 30. Ng3 Nc4 31. Rdd7 Kc8 32. Rxa7 Kb8 33. Raf7 Rh8
34. Nf5 Rxe4 35. Rg8+ Re8 36. Rxh8 Rxh8 37. Rg7 Re8 38. Rg8 1-0

[Event "Valencia tch - Division de Honor"]
[Site "Comunidad Valenciana"]
[Date "2009.01.24"]
[Round "3.6"]
[White "Garzon Roger, Jose Antonio"]
[Black "Monmeneu Chulia, Victor"]
[Result "1-0"]
[WhiteElo "2120"]
[BlackElo "2147"]
[PlyCount "83"]
[EventDate "2009.01.10"]
[EventType "team"]
[EventRounds "9"]
[EventCountry "ESP"]
[Source "lmi"]
[SourceDate "2009.01.10"]
[WhiteTeam "Gambito"]
[BlackTeam "Ateneo Maritimo"]

1. e4 e5 2. Nf3 d6 3. Bc4 Be7 4. d4 Nc6 5. d5 Nb8 6. O-O Nf6 7. Nc3 Bg4 8. Be2
Nbd7 9. Ne1 Bxe2 10. Qxe2 O-O 11. Nd3 c6 12. f4 cxd5 13. fxe5 dxe4 14. exf6
Qb6+ 15. Be3 exd3 16. cxd3 Qd8 17. fxe7 Qxe7 18. Bf4 Qf6 19. Qf2 Qg6 20. Qg3
Ne5 21. Bxe5 dxe5 22. Qxg6 hxg6 23. Kf2 Rad8 24. Ke2 f5 25. Rac1 Rd7 26. Nb1
Kf7 27. Rc3 Ke6 28. Nd2 g5 29. Ne4 b6 30. Nxg5+ Kd5 31. Rfc1 Rh8 32. h3 Rh5 33.
Nf3 g5 34. Rc7 Rxc7 35. Rxc7 g4 36. hxg4 fxg4 37. Ne1 a5 38. Rg7 Rh4 39. Nc2
Rh1 40. Rxg4 Rb1 41. Ne3+ Kd6 42. Nd1 1-0

[Event "Valencia tch - Division de Honor"]
[Site "Comunidad Valenciana"]
[Date "2009.01.24"]
[Round "3.7"]
[White "Gonzalez Aguirre, Luis"]
[Black "Anguix Garrido, Juan F"]
[Result "1/2-1/2"]
[WhiteElo "2120"]
[BlackElo "2403"]
[PlyCount "87"]
[EventDate "2009.01.10"]
[EventType "team"]
[EventRounds "9"]
[EventCountry "ESP"]
[Source "lmi"]
[SourceDate "2009.01.10"]
[WhiteTeam "Ateneo Maritimo"]
[BlackTeam "Gambito"]

1. c4 f5 2. g3 Nf6 3. Bg2 e5 4. Nc3 d6 5. e3 Be7 6. Nge2 c6 7. d4 O-O 8. O-O
Qe8 9. b4 Qh5 10. f4 e4 11. Qb3 Qf7 12. d5 Na6 13. a3 c5 14. b5 Nb8 15. Bb2
Nbd7 16. Nd1 Re8 17. Nf2 Bd8 18. Qc3 Nb6 19. a4 a5 20. Rfd1 h6 21. Kh1 Ra7 22.
Ra2 h5 23. h4 Ng4 24. Nh3 Bf6 25. Qb3 Nd7 26. Bxf6 gxf6 27. Rf1 b6 28. Nf2 Nf8
29. Bh3 Ng6 30. Bxg4 hxg4 31. Kg2 Qf8 32. Rh1 Rh7 33. h5 Nh8 34. Raa1 Qf7 35.
Qc3 Kg7 36. Rh2 Rxh5 37. Rxh5 Qxh5 38. Rh1 Qf7 39. Rh2 Ng6 40. Qa1 Rh8 41. Rxh8
Kxh8 42. Qh1+ Kg7 43. Qh5 Bd7 44. Kg1 1/2-1/2

[Event "Valencia tch - Division de Honor"]
[Site "Comunidad Valenciana"]
[Date "2009.01.24"]
[Round "3.2"]
[White "Aymerich Rosell, Pablo"]
[Black "Valmaña Canto, Jaime"]
[Result "0-1"]
[WhiteElo "2169"]
[BlackElo "2343"]
[PlyCount "117"]
[EventDate "2009.01.10"]
[EventType "team"]
[EventRounds "9"]
[EventCountry "ESP"]
[Source "lmi"]
[SourceDate "2009.01.10"]
[WhiteTeam "Eva Manises"]
[BlackTeam "Silla"]

1. d4 g6 2. g3 d5 3. Bg2 Bg7 4. Nf3 Nf6 5. O-O O-O 6. c4 c6 7. cxd5 cxd5 8. Ne5
e6 9. Nd2 Nfd7 10. Nxd7 Bxd7 11. Nb3 Ba4 12. e3 Qb6 13. Bd2 Nc6 14. Re1 Rfc8
15. Rc1 Rc7 16. Rc3 Bf8 17. Qb1 Bb4 18. Nc5 Bb5 19. Rc2 Rac8 20. Rec1 Bxd2 21.
Rxd2 Qa5 22. Rdd1 b6 23. Nb3 Qa4 24. Na1 Nb4 25. Rxc7 Rxc7 26. Bf1 Bxf1 27.
Rxf1 Qxa2 28. Qxa2 Nxa2 29. Nb3 Rc2 30. Rb1 a5 31. Kf1 Nb4 32. Na1 Rd2 33. Nb3
Rd3 34. Nc1 Rd1+ 35. Ke2 Rh1 36. Ra1 Nc2 37. Rb1 Nb4 38. Ra1 Kf8 39. h4 Ke7 40.
Nb3 Rxa1 41. Nxa1 Kd6 42. Nb3 a4 43. Nc1 Nc6 44. Kd2 Na5 45. Kc3 Nc4 46. Nd3
Kc6 47. Nb4+ Kb5 48. Nd3 Nd6 49. Kc2 Ka5 50. Ne5 b5 51. g4 b4 52. Nd7 b3+ 53.
Kb1 Kb4 54. Nc5 Nc4 55. Nd3+ Kb5 56. h5 a3 57. bxa3 Ka4 58. h6 Kxa3 59. Ne1 0-1

[Event "Valencia tch - Division de Honor"]
[Site "Comunidad Valenciana"]
[Date "2009.01.24"]
[Round "3.3"]
[White "Salgado Allaria, Carlos"]
[Black "Villalba Izquierdo, Pere"]
[Result "1/2-1/2"]
[WhiteElo "2366"]
[BlackElo "2154"]
[PlyCount "59"]
[EventDate "2009.01.10"]
[EventType "team"]
[EventRounds "9"]
[EventCountry "ESP"]
[Source "lmi"]
[SourceDate "2009.01.10"]
[WhiteTeam "Silla"]
[BlackTeam "Eva Manises"]

1. d4 d6 2. e4 g6 3. c3 Bg7 4. f4 c6 5. Nf3 d5 6. e5 Bg4 7. Qb3 Qb6 8. Nh4 h5
9. Bd3 e6 10. Qc2 Ne7 11. Be3 Nd7 12. Bf2 Bf5 13. Bxf5 gxf5 14. Nd2 Bh6 15. g3
Qa6 16. Nhf3 Bf8 17. h4 Ng8 18. Nf1 Nh6 19. Ng5 Rc8 20. Qe2 Qxe2+ 21. Kxe2 c5
22. Ne3 c4 23. Kd2 b5 24. b4 Nb6 25. Rhb1 Ng4 26. Nd1 Be7 27. Bg1 O-O 28. Nb2
Ra8 29. a4 a6 30. Ra2 1/2-1/2

[Event "Valencia tch - Division de Honor"]
[Site "Comunidad Valenciana"]
[Date "2009.01.24"]
[Round "3.4"]
[White "Andres Julia, Vicente Ramon"]
[Black "Carbonell Bofill, Carlos Eloy"]
[Result "0-1"]
[WhiteElo "2102"]
[BlackElo "2250"]
[PlyCount "58"]
[EventDate "2009.01.10"]
[EventType "team"]
[EventRounds "9"]
[EventCountry "ESP"]
[Source "lmi"]
[SourceDate "2009.01.10"]
[WhiteTeam "Eva Manises"]
[BlackTeam "Silla"]

1. e4 e6 2. d4 d5 3. Nc3 Nf6 4. e5 Nfd7 5. f4 c5 6. Nf3 Nc6 7. Be3 Qb6 8. Na4
Qa5+ 9. c3 cxd4 10. b4 Nxb4 11. cxb4 Bxb4+ 12. Bd2 Bxd2+ 13. Nxd2 O-O 14. Be2
d3 15. Bxd3 Qb4 16. Qh5 f5 17. Rf1 Qxa4 18. Rc1 Rf7 19. g4 Nf8 20. gxf5 exf5
21. Rf3 Be6 22. Ke2 Rc8 23. Rg1 Rcc7 24. Rg5 g6 25. Qh6 Rg7 26. Rg1 Bd7 27. h4
Ne6 28. Kf2 Qd4+ 29. Kg3 Qxg1+ 0-1

[Event "Valencia tch - Division de Honor"]
[Site "Comunidad Valenciana"]
[Date "2009.01.24"]
[Round "3.5"]
[White "Calvo Alfonso, Vicente"]
[Black "Angullo Gil, Jose"]
[Result "1-0"]
[WhiteElo "2202"]
[BlackElo "2151"]
[PlyCount "71"]
[EventDate "2009.01.10"]
[EventType "team"]
[EventRounds "9"]
[EventCountry "ESP"]
[Source "lmi"]
[SourceDate "2009.01.10"]
[WhiteTeam "Silla"]
[BlackTeam "Eva Manises"]

1. d4 Nf6 2. Nf3 e6 3. Bf4 c5 4. e3 Nc6 5. c3 d5 6. Nbd2 Bd6 7. Bg3 Bxg3 8.
hxg3 Qd6 9. Bb5 Bd7 10. Bxc6 Bxc6 11. Ne5 cxd4 12. exd4 Nd7 13. Ndf3 f6 14. Ng6
Rg8 15. Rxh7 O-O-O 16. Qd2 Rde8 17. O-O-O Bb5 18. Nf4 Qa6 19. Kb1 e5 20. Nxd5
Bc4 21. Nb4 Qe6 22. Rhh1 a5 23. d5 Qf5+ 24. Qc2 e4 25. Nd4 Qe5 26. b3 axb4 27.
bxc4 bxc3 28. Qxc3 Nc5 29. Qa3 Nd3 30. Nb5 Rd8 31. f3 f5 32. fxe4 fxe4 33. Rhf1
Qb8 34. Rf7 Rd7 35. Rdf1 Rgd8 36. Rxd7 1-0

[Event "Valencia tch - Division de Honor"]
[Site "Comunidad Valenciana"]
[Date "2009.01.24"]
[Round "3.6"]
[White "Martinez Ramon, Senen"]
[Black "Galvan Huaraca, Jesus"]
[Result "0-1"]
[WhiteElo "2103"]
[BlackElo "2252"]
[PlyCount "97"]
[EventDate "2009.01.10"]
[EventType "team"]
[EventRounds "9"]
[EventCountry "ESP"]
[Source "lmi"]
[SourceDate "2009.01.10"]
[WhiteTeam "Eva Manises"]
[BlackTeam "Silla"]

1. e4 c5 2. Nc3 Nc6 3. g3 g6 4. Bg2 Bg7 5. d3 d6 6. Be3 e6 7. Qd2 Rb8 8. Nge2
Nge7 9. Bh6 O-O 10. Bxg7 Kxg7 11. h4 h5 12. g4 hxg4 13. h5 Rh8 14. O-O-O gxh5
15. d4 Ng6 16. f3 Nh4 17. fxg4 Nxd4 18. Nxd4 cxd4 19. Qxd4+ e5 20. Qxa7 Bxg4
21. Rdg1 Qg5+ 22. Kb1 Ng6 23. Nd5 Qd2 24. Ne3 Ra8 25. Qb6 Ra6 26. Qb3 Be6 27.
Nd5 Rc6 28. Bh3 Bxd5 29. exd5 Rc5 30. Rd1 Qe2 31. Bf5 b5 32. Qh3 Rc7 33. Bd3
Qg4 34. Qe3 Rc5 35. Rdf1 Rxd5 36. Rhg1 Rxd3 37. Qxd3 Qe6 38. Rd1 Rd8 39. Qxb5
d5 40. a4 d4 41. Rde1 Rd5 42. Qe2 Ra5 43. Qxh5 Rxa4 44. b3 Ra5 45. Qe2 Qd6 46.
Kc1 Qb4 47. Kb1 Qc3 48. Qxe5+ Rxe5 49. Rxe5 0-1

[Event "Valencia tch - Division de Honor"]
[Site "Comunidad Valenciana"]
[Date "2009.01.24"]
[Round "3.7"]
[White "Penades Ordaz, Victor"]
[Black "Montoliu Cervero, Francisco"]
[Result "1-0"]
[WhiteElo "2185"]
[BlackElo "1977"]
[PlyCount "87"]
[EventDate "2009.01.10"]
[EventType "team"]
[EventRounds "9"]
[EventCountry "ESP"]
[Source "lmi"]
[SourceDate "2009.01.10"]
[WhiteTeam "Silla"]
[BlackTeam "Eva Manises"]

1. e4 c5 2. Nf3 d6 3. c4 Nf6 4. Nc3 g6 5. d4 cxd4 6. Nxd4 Bg7 7. Be2 Nc6 8. Be3
O-O 9. O-O Nxd4 10. Bxd4 Be6 11. Rc1 Rc8 12. Qa4 Nxe4 13. Bxg7 Nc5 14. Qa3 Kxg7
15. b4 Nd7 16. Qxa7 Qb6 17. Qa3 Ne5 18. Nd5 Bxd5 19. cxd5 Qd4 20. Rcd1 Qc3 21.
Qxc3 Rxc3 22. f4 Nd7 23. Rd4 Rfc8 24. Bb5 Nf6 25. a4 Rb3 26. a5 Rb2 27. Re1
Rcc2 28. Bf1 Kf8 29. b5 Ra2 30. a6 bxa6 31. bxa6 Rc7 32. h3 Nd7 33. Rdd1 Nc5
34. Ra1 Rxa1 35. Rxa1 Ra7 36. Kf2 Ke8 37. Kf3 Kd7 38. Kg4 f6 39. f5 Kc7 40.
fxg6 hxg6 41. h4 Kb6 42. Kf3 Nxa6 43. Rxa6+ Rxa6 44. Bxa6 1-0

[Event "Valencia tch - Division de Honor"]
[Site "Comunidad Valenciana"]
[Date "2009.01.24"]
[Round "3.8"]
[White "Arance Gonzalez, Luis"]
[Black "Garcia Domingo, Jose Antonio"]
[Result "1-0"]
[WhiteElo "2109"]
[BlackElo "1938"]
[PlyCount "77"]
[EventDate "2009.01.10"]
[EventType "team"]
[EventRounds "9"]
[EventCountry "ESP"]
[Source "lmi"]
[SourceDate "2009.01.10"]
[WhiteTeam "Eva Manises"]
[BlackTeam "Silla"]

1. e4 e6 2. d3 d5 3. Nd2 dxe4 4. dxe4 Nf6 5. e5 Nfd7 6. Ngf3 b6 7. g3 Nc6 8.
Nc4 Bb7 9. Bf4 b5 10. Ne3 Be7 11. h4 Ncxe5 12. Bxe5 Nxe5 13. Nxe5 Qxd1+ 14.
Rxd1 Bxh1 15. Bxb5+ Kf8 16. f3 Bd6 17. Nd7+ Ke7 18. Kf2 Bxf3 19. Kxf3 Rad8 20.
Nf5+ exf5 21. Re1+ Be5 22. Nxe5 Kf6 23. g4 g6 24. Nd7+ Kg7 25. gxf5 Kh6 26. f6
Kh5 27. Kf4 Rhe8 28. Re7 Kxh4 29. Rxf7 g5+ 30. Kf5 h5 31. Re7 Rh8 32. Bc6 g4
33. Re3 Rhg8 34. f7 Rg5+ 35. Kf6 Ra5 36. f8=Q Rxf8+ 37. Nxf8 g3 38. Bg2 Ra6+
39. Ne6 1-0

[Event "Valencia tch - Division de Honor"]
[Site "Comunidad Valenciana"]
[Date "2009.01.31"]
[Round "4.1"]
[White "Torres Sanchez, Jose"]
[Black "Llobel Cortell, Enrique"]
[Result "1/2-1/2"]
[WhiteElo "2330"]
[BlackElo "2385"]
[PlyCount "40"]
[EventDate "2009.01.10"]
[EventType "team"]
[EventRounds "9"]
[EventCountry "ESP"]
[Source "lmi"]
[SourceDate "2009.01.10"]
[WhiteTeam "Burjassot"]
[BlackTeam "Eva Manises"]

1. d4 d6 2. Nf3 Bg4 3. e4 Nf6 4. Nc3 e6 5. Be2 d5 6. exd5 Nxd5 7. O-O Be7 8.
Nxd5 exd5 9. Ne5 Bxe2 10. Qxe2 O-O 11. Qg4 Qc8 12. Qf3 c6 13. Re1 Bd6 14. Bf4
Nd7 15. Qg3 Bxe5 16. Bxe5 Nxe5 17. Rxe5 Qd7 18. Rae1 Rae8 19. Qa3 f6 20. Re7
Rxe7 1/2-1/2

[Event "Valencia tch - Division de Honor"]
[Site "Comunidad Valenciana"]
[Date "2009.01.31"]
[Round "4.2"]
[White "Aymerich Rosell, Pablo"]
[Black "Kovacevic, Slobodan"]
[Result "0-1"]
[WhiteElo "2169"]
[BlackElo "2389"]
[PlyCount "90"]
[EventDate "2009.01.10"]
[EventType "team"]
[EventRounds "9"]
[EventCountry "ESP"]
[Source "lmi"]
[SourceDate "2009.01.10"]
[WhiteTeam "Eva Manises"]
[BlackTeam "Burjassot"]

1. g3 c5 2. Bg2 Nf6 3. c4 e6 4. Nf3 Qc7 5. O-O a6 6. b3 b6 7. Bb2 Be7 8. d3 Bb7
9. e4 d6 10. Nc3 O-O 11. Ne1 Nc6 12. f4 Nd4 13. Nc2 Bc6 14. Nxd4 cxd4 15. Nb1
e5 16. Na3 Bd7 17. f5 h6 18. Nc2 b5 19. Nb4 bxc4 20. dxc4 Rfb8 21. Nd5 Qd8 22.
Bc1 Bc6 23. Bd2 a5 24. a4 Rb7 25. Ra3 Bxd5 26. exd5 Nd7 27. h4 Nc5 28. Qg4 Kh8
29. f6 Bxf6 30. b4 axb4 31. Raf3 Nd7 32. Qh5 Kg8 33. Bh3 g6 34. Qg4 h5 35. Qe4
Nc5 36. Qe2 Bg7 37. Bg5 Qe8 38. g4 hxg4 39. Bxg4 f5 40. Bxf5 gxf5 41. Rxf5 b3
42. h5 b2 43. h6 b1=Q 44. hxg7 Qxf5 45. Rxf5 Rxg7 0-1

[Event "Valencia tch - Division de Honor"]
[Site "Comunidad Valenciana"]
[Date "2009.01.31"]
[Round "4.3"]
[White "Muñoz Orts, German"]
[Black "Fernandez Gil, Marco Antonio"]
[Result "1-0"]
[WhiteElo "2175"]
[BlackElo "2263"]
[PlyCount "57"]
[EventDate "2009.01.10"]
[EventType "team"]
[EventRounds "9"]
[EventCountry "ESP"]
[Source "lmi"]
[SourceDate "2009.01.10"]
[WhiteTeam "Burjassot"]
[BlackTeam "Eva Manises"]

1. f4 c5 2. e4 d5 3. exd5 Nf6 4. c4 e6 5. dxe6 Bxe6 6. Nf3 Nc6 7. Be2 Be7 8.
O-O O-O 9. Nc3 Re8 10. Kh1 h6 11. d3 Qc7 12. Nb5 Qb6 13. Ne5 Rad8 14. b3 a6 15.
Nxc6 Qxc6 16. Nc3 Qd7 17. Be3 Bf5 18. Na4 Bf8 19. Bg1 b5 20. Nxc5 Qc8 21. cxb5
Bxc5 22. Rc1 Rd5 23. b4 Qe6 24. bxc5 Qxe2 25. Qxe2 Rxe2 26. b6 Bxd3 27. c6 Be4
28. Rf3 Rb5 29. c7 1-0

[Event "Valencia tch - Division de Honor"]
[Site "Comunidad Valenciana"]
[Date "2009.01.31"]
[Round "4.4"]
[White "Andres Julia, Vicente Ramon"]
[Black "Marin Corresa, Arturo"]
[Result "0-1"]
[WhiteElo "2102"]
[BlackElo "2180"]
[PlyCount "156"]
[EventDate "2009.01.10"]
[EventType "team"]
[EventRounds "9"]
[EventCountry "ESP"]
[Source "lmi"]
[SourceDate "2009.01.10"]
[WhiteTeam "Eva Manises"]
[BlackTeam "Burjassot"]

1. e4 c5 2. Nc3 Nc6 3. Nf3 g6 4. d4 cxd4 5. Nxd4 Bg7 6. Be3 Nf6 7. Bc4 O-O 8.
Bb3 d6 9. f3 Bd7 10. Qd2 Rc8 11. O-O-O Ne5 12. Kb1 Nc4 13. Bxc4 Rxc4 14. g4
Bxg4 15. fxg4 Nxg4 16. Bg1 a6 17. h3 Ne5 18. Be3 b5 19. Nce2 Qa8 20. Bh6 Qxe4
21. Bxg7 Kxg7 22. Ng3 Qb7 23. Qg5 Kh8 24. h4 f6 25. Qh6 Rg8 26. Qd2 Rgc8 27. h5
g5 28. Ngf5 Qd7 29. Rh2 R4c5 30. Ne3 Nc4 31. Nxc4 Rxc4 32. Qd3 R8c5 33. Nb3 Re5
34. Re2 Qe6 35. Rde1 Kg7 36. Rxe5 fxe5 37. Nd4 Qf6 38. Nf5+ Kf8 39. Rf1 Rf4 40.
Rxf4 gxf4 41. a3 d5 42. Qh3 e4 43. Qg4 e6 44. Nd6 f3 45. Nxe4 dxe4 46. Qxe4 f2
47. Qa8+ Kg7 48. h6+ Kxh6 49. Qh1+ Kg7 50. Qg2+ Kf7 51. Qb7+ Kg8 52. Qg2+ Qg6
53. Qxf2 h5 54. Qh4 Qf5 55. Qd8+ Kg7 56. Qc7+ Kg6 57. Qg3+ Qg4 58. Qd3+ Kf6 59.
Qc3+ e5 60. Qc6+ Kf5 61. Qxa6 h4 62. Qxb5 h3 63. Qd7+ Kf4 64. Qd2+ Kf5 65. Qd7+
Kg5 66. Qg7+ Kf4 67. Qh6+ Kf3 68. Qf8+ Kg2 69. Qh6 h2 70. Qd2+ Kf1 71. Qd3+ Qe2
72. Qh3+ Kg1 73. Qg3+ Qg2 74. Qe3+ Qf2 75. Qg5+ Kf1 76. Qh5 Qg1 77. Qf3+ Ke1
78. Qc3+ Kf2+ 0-1

[Event "Valencia tch - Division de Honor"]
[Site "Comunidad Valenciana"]
[Date "2009.01.31"]
[Round "4.5"]
[White "Quiñonero Simon, Jose"]
[Black "Angullo Gil, Jose"]
[Result "1/2-1/2"]
[WhiteElo "2207"]
[BlackElo "2151"]
[PlyCount "112"]
[EventDate "2009.01.10"]
[EventType "team"]
[EventRounds "9"]
[EventCountry "ESP"]
[Source "lmi"]
[SourceDate "2009.01.10"]
[WhiteTeam "Burjassot"]
[BlackTeam "Eva Manises"]

1. e4 c5 2. Nc3 e6 3. g3 d5 4. d3 Nc6 5. Bg2 Nf6 6. f4 d4 7. Nce2 e5 8. Nf3 Bd6
9. O-O Bg4 10. h3 Bxf3 11. Bxf3 Qc7 12. c3 O-O 13. f5 b5 14. Bg5 Be7 15. Rc1
Rfd8 16. Qc2 Qb6 17. cxd4 c4 18. dxc4 Nxd4 19. c5 Qa5 20. Nxd4 Rxd4 21. Be3 Rc4
22. Qb1 Rc8 23. b3 Rc3 24. b4 Qa3 25. Rxc3 Qxc3 26. Qb3 Qxb3 27. axb3 a5 28.
bxa5 Bxc5 29. Bxc5 Rxc5 30. b4 Rc3 31. Ra1 Rc7 32. a6 Ra7 33. Kf2 Kf8 34. Ke3
Ne8 35. Be2 Nc7 36. Rc1 Ke7 37. Rxc7+ Rxc7 38. Bxb5 Rc3+ 39. Kd2 Rc7 40. Ba4
Kd6 41. Bb3 Kc6 42. Bc4 Kb6 43. Kc3 Rd7 44. Bd3 Rd4 45. b5 f6 46. Kd2 g6 47.
fxg6 hxg6 48. Ke3 Ra4 49. Kf3 Ra3 50. Ke3 Ra2 51. Kf3 Kc7 52. Ke3 Kb6 53. Kf3
Rd2 54. Ke3 Ra2 55. Kf3 Ra3 56. Ke3 Ra2 1/2-1/2

[Event "Valencia tch - Division de Honor"]
[Site "Comunidad Valenciana"]
[Date "2009.01.31"]
[Round "4.6"]
[White "Martinez Ramon, Senen"]
[Black "Gil Gimenez, Jose Vicente"]
[Result "1-0"]
[WhiteElo "2103"]
[BlackElo "2038"]
[PlyCount "127"]
[EventDate "2009.01.10"]
[EventType "team"]
[EventRounds "9"]
[EventCountry "ESP"]
[Source "lmi"]
[SourceDate "2009.01.10"]
[WhiteTeam "Eva Manises"]
[BlackTeam "Burjassot"]

1. e4 g6 2. d4 Bg7 3. Be3 Nf6 4. f3 d6 5. Qd2 c6 6. Nc3 b5 7. Bd3 Nbd7 8. Bh6
O-O 9. h4 e5 10. dxe5 Nxe5 11. Bxg7 Kxg7 12. O-O-O Be6 13. h5 Nxd3+ 14. Qxd3 b4
15. Na4 Qa5 16. h6+ Kg8 17. Qd4 Ne8 18. b3 Qg5+ 19. Qd2 Qxd2+ 20. Rxd2 f5 21.
exf5 Bxf5 22. Ne2 c5 23. Ng3 Rc8 24. Nb2 Be6 25. Ne4 c4 26. bxc4 Bxc4 27. Nxc4
Rxc4 28. Nxd6 Nxd6 29. Rxd6 Rfc8 30. Rd2 a5 31. Rhd1 a4 32. Rd8+ Kf7 33. R1d7+
Kf6 34. Rxc8 Rxc8 35. Rb7 Rc4 36. Kd2 g5 37. Rxh7 Kg6 38. Rh8 Rh4 39. Rb8 a3
40. Kd3 Rh2 41. Rxb4 Rxg2 42. h7 Kxh7 43. Rg4 Rf2 44. Rxg5 Rxf3+ 45. Kc4 Kh6
46. Rc5 Kg6 47. Kb4 Kf6 48. Rc3 Rf2 49. Kxa3 Ke6 50. Kb4 Kd6 51. a4 Ke5 52. a5
Rf8 53. Kb5 Rb8+ 54. Ka6 Rb2 55. Ka7 Kd6 56. a6 Kd7 57. Ka8 Rb6 58. a7 Rb2 59.
Rb3 Rxc2 60. Kb7 Rc7+ 61. Ka6 Rc6+ 62. Rb6 Rc8 63. Rb8 Rc6+ 64. Kb5 1-0

[Event "Valencia tch - Division de Honor"]
[Site "Comunidad Valenciana"]
[Date "2009.01.31"]
[Round "4.7"]
[White "Pitarch Roca, Miguel Angel"]
[Black "Schalk, Martin"]
[Result "1/2-1/2"]
[WhiteElo "1897"]
[BlackElo "2109"]
[PlyCount "72"]
[EventDate "2009.01.10"]
[EventType "team"]
[EventRounds "9"]
[EventCountry "ESP"]
[Source "lmi"]
[SourceDate "2009.01.10"]
[WhiteTeam "Burjassot"]
[BlackTeam "Eva Manises"]

1. e4 c5 2. Nf3 Nc6 3. d4 cxd4 4. Nxd4 Nf6 5. Nc3 e6 6. Ndb5 d6 7. Bf4 e5 8.
Bg5 a6 9. Na3 b5 10. Nd5 Be7 11. Nxe7 Nxe7 12. Bxf6 gxf6 13. c3 f5 14. exf5
Bxf5 15. Nc2 O-O 16. Ne3 Be6 17. g3 Ra7 18. Bg2 d5 19. O-O Rd7 20. Qh5 f6 21.
Bh3 Bxh3 22. Qxh3 f5 23. a4 Kh8 24. axb5 axb5 25. Ra6 Rd6 26. Rfa1 Rxa6 27.
Rxa6 Qd7 28. Qh6 Kg8 29. Qe6+ Qxe6 30. Rxe6 Ng6 31. Nxd5 Rd8 32. Ne3 f4 33. Ng4
Rd2 34. Kg2 Rxb2 35. h4 fxg3 36. Kxg3 Rb3 1/2-1/2

[Event "Valencia tch - Division de Honor"]
[Site "Comunidad Valenciana"]
[Date "2009.01.31"]
[Round "4.8"]
[White "Ballester Llagaria, Luis Eduardo"]
[Black "Garcia Maicas, Vicente Jose"]
[Result "1-0"]
[WhiteElo "2053"]
[BlackElo "2111"]
[PlyCount "59"]
[EventDate "2009.01.10"]
[EventType "team"]
[EventRounds "9"]
[EventCountry "ESP"]
[Source "lmi"]
[SourceDate "2009.01.10"]
[WhiteTeam "Eva Manises"]
[BlackTeam "Burjassot"]

1. e4 c5 2. Nf3 a6 3. Nc3 g6 4. d4 Bg7 5. Be3 cxd4 6. Bxd4 Nf6 7. Nd5 Nxd5 8.
Bxg7 Rg8 9. exd5 Rxg7 10. Qd4 Kf8 11. h4 h5 12. g4 e5 13. dxe6 Qa5+ 14. b4 Qd8
15. O-O-O fxe6 16. Qf4+ Kg8 17. gxh5 Qf8 18. Qxf8+ Kxf8 19. hxg6 Rxg6 20. Bd3
Rh6 21. Ne5 Nc6 22. Ng4 Rh8 23. h5 Nxb4 24. Ne5 Nxd3+ 25. Rxd3 Rh7 26. Rf3+ Ke7
27. Ng6+ Kd6 28. Rc3 Kd5 29. f3 Kd4 30. Kb2 1-0

[Event "Valencia tch - Division de Honor"]
[Site "Comunidad Valenciana"]
[Date "2009.01.31"]
[Round "4.1"]
[White "Mari Sancho, Rafael"]
[Black "Mellado Triviño, Juan"]
[Result "0-1"]
[WhiteElo "2262"]
[BlackElo "2436"]
[PlyCount "37"]
[EventDate "2009.01.10"]
[EventType "team"]
[EventRounds "9"]
[EventCountry "ESP"]
[Source "lmi"]
[SourceDate "2009.01.10"]
[WhiteTeam "Gambito"]
[BlackTeam "Silla"]

1. d4 Nf6 2. Bg5 Ne4 3. Bf4 c5 4. f3 Qa5+ 5. c3 Nf6 6. Nd2 cxd4 7. Nb3 Qb6 8.
Qxd4 Nc6 9. Qxb6 axb6 10. e4 d5 11. exd5 Nxd5 12. Bd2 e5 13. Bc4 Be6 14. Bxd5
Bxd5 15. Nc1 Bc5 16. Nge2 O-O-O 17. Nb3 Be7 18. O-O Bxb3 19. axb3 0-1

[Event "Valencia tch - Division de Honor"]
[Site "Comunidad Valenciana"]
[Date "2009.01.31"]
[Round "4.2"]
[White "Dolezal, Cristian"]
[Black "Blasco Marques, Salvador"]
[Result "1-0"]
[WhiteElo "2411"]
[BlackElo "1972"]
[PlyCount "67"]
[EventDate "2009.01.10"]
[EventType "team"]
[EventRounds "9"]
[EventCountry "ESP"]
[Source "lmi"]
[SourceDate "2009.01.10"]
[WhiteTeam "Silla"]
[BlackTeam "Gambito"]

1. e4 e5 2. Nc3 Nf6 3. f4 d5 4. fxe5 Nxe4 5. Qf3 Nxc3 6. dxc3 Be7 7. Bf4 O-O 8.
O-O-O c6 9. Bd3 Be6 10. h4 Na6 11. Nh3 Nc5 12. Ng5 Nxd3+ 13. Qxd3 Bxg5 14. Bxg5
Qa5 15. Kb1 b5 16. Be7 Rfe8 17. Bc5 Qa4 18. h5 a5 19. Qf3 Qg4 20. Qf2 a4 21.
Rdf1 a3 22. Rh4 Qg5 23. h6 axb2 24. Be3 Qxe5 25. Bd4 Qg5 26. hxg7 c5 27. Bf6
Qg6 28. Rfh1 d4 29. Rxh7 Bxa2+ 30. Kxb2 dxc3+ 31. Bxc3 Qxh7 32. Rxh7 Kxh7 33.
Qh4+ Kg6 34. g4 1-0

[Event "Valencia tch - Division de Honor"]
[Site "Comunidad Valenciana"]
[Date "2009.01.31"]
[Round "4.3"]
[White "Selva, Salvador Antonio"]
[Black "Valmaña Canto, Jaime"]
[Result "0-1"]
[WhiteElo "2014"]
[BlackElo "2343"]
[PlyCount "34"]
[EventDate "2009.01.10"]
[EventType "team"]
[EventRounds "9"]
[EventCountry "ESP"]
[Source "lmi"]
[SourceDate "2009.01.10"]
[WhiteTeam "Gambito"]
[BlackTeam "Silla"]

1. e4 c5 2. Nf3 Nc6 3. c4 d6 4. d3 g6 5. g3 Bg7 6. Bg2 Bg4 7. O-O Nd4 8. h3
Nxf3+ 9. Bxf3 Bxh3 10. Re1 Qd7 11. g4 h5 12. gxh5 gxh5 13. Bxh5 Nf6 14. Bf3 Bg4
15. Nd2 O-O-O 16. Rb1 Rdg8 17. b4 Bh6 0-1

[Event "Valencia tch - Division de Honor"]
[Site "Comunidad Valenciana"]
[Date "2009.01.31"]
[Round "4.1"]
[White "Alvarez Ibarra, Rafael"]
[Black "Garcia Molla, Victor"]
[Result "1/2-1/2"]
[WhiteElo "2377"]
[BlackElo "2332"]
[PlyCount "34"]
[EventDate "2009.01.10"]
[EventType "team"]
[EventRounds "9"]
[EventCountry "ESP"]
[Source "lmi"]
[SourceDate "2009.01.10"]
[WhiteTeam "C.M. Castellon"]
[BlackTeam "Ateneo Maritimo"]

1. c4 Nf6 2. Nc3 e6 3. Nf3 d5 4. d4 Bb4 5. Bg5 Nbd7 6. cxd5 exd5 7. Qa4 c5 8.
dxc5 Bxc3+ 9. bxc3 O-O 10. Qb4 Re8 11. e3 h6 12. Bxf6 Qxf6 13. Rd1 Re4 14. Rd4
Qe7 15. Nd2 Re5 16. Nf3 Re4 17. Nd2 Re5 1/2-1/2